000 00719nam a2200253Ia 4500
003 OSt
005 20221005120355.0
006 a|||||r|||| 00| 0
007 ta
008 221004b |||||||| |||| 00| 0 san d
024 _a43725
037 _cTextual
040 _aCRL
_cCRL
_bsan
041 _2san
_asan
082 _aO15:1E89:11, E5.1-.2
100 _aHemacandra
245 0 _aDvyasrayakavya comm by Abhayatilakagani and ed by Abaji Vishnu Kathavate
260 _c1915
490 _aBombay Sanskrit and Prakrit series; 69, 76
650 _a ENGLISH LITERATURE
650 _aSANSKRIT LITERATURE
942 _hO15:1E89:11, E5.1-.2
_cTEXL
_2cc
999 _c1037788
_d1037788